Responses for Show #6362 - Tuesday, April 24, 2012

Contestants

[<< previous game]

Andrea Korte, an editorial specialist from Washington, D.C.

Matt Johnson, a baker and philosophy instructor from Lancaster, Pennsylvania

Cindy Vanderbur, a health insurance contract specialist from Madison, Indiana (whose 1-day cash winnings total $17,999)

[next game >>]

Jeopardy! Round responses

THE AFI LIFE ACHIEVEMENT AWARD
JUST DESSERTS
ALL ABOUT ARTISTS
WHO WANTS TO BE A BILLIONAIRE?
SPEAKING HAWAIIAN
ORE
    $200 17
Warren Beatty

Matt
    $200 12
key lime pie

Matt
    $200 7
Norman Rockwell

Cindy
    $200 11
Bloomberg

Cindy
    $200 5
the hula

Cindy
    $200 22
(Matt: Uh, what is uranium?)

gold

Matt
Triple Stumper
    $400 18
Meryl Streep

Andrea
    $400 13
Black Forest cake

Cindy
    $400 6
Picasso

Matt
    $400 23
Berlusconi

Andrea
    $400 2
Lei Day

Cindy
    $400 27
smelting

Andrea
    $600 19
Jack Nicholson

Cindy
    $600 14
soufflé

Matt
    $600 8
Rembrandt

Matt
    $600 24
Richard Branson

Matt
    $600 1
pupu platter

Andrea
    $600 28
nickel

Andrea
    $800 20
(Andrea: Who is Gene Kelly?)

Fred Astaire

CindyAndrea
    $800 15
a beignet

Cindy
    $800 9
van Gogh

Andrea
    $800 25
Paul Allen

Cindy
    $800 3
a luau

Andrea
    $800 29
copper

Cindy
    $2,500 21
(Cindy: I don't know, I'll say who is Billy Wilder?)
...
(Cindy: Aww, I should've got that!)

David Lean

Cindy
    $1000 16
crème brûlée

Cindy
    $1000 10
(Sandro) Botticelli

Andrea
    $1000 26
Phil Knight

Cindy
    $1000 4
kahuna

Cindy
    $1000 30
[Matt smiles broadly]
(Alex: Now's the time--you were just 5 or 6 clues too early.)

uranium

Matt

Scores at the first commercial break (after clue 15):

Cindy Matt Andrea
$3,200 $1,800 $3,200

Scores at the end of the Jeopardy! Round:

Cindy Matt Andrea
$5,700 $3,400 $4,200

Double Jeopardy! Round responses

MAGAZINES
LONGFELLOW
WE'RE AN AMERICAN BAND
"L" ON EARTH
A BYZANTINE CATEGORY
THIS OR THAT
    $400 12
Details

Cindy
    $400 11
an arrow

Cindy
    $400 1
The Jackson 5

Andrea
    $400 3
Latvia

Andrea
    $400 21
Egypt

Andrea
    $400 30
bat

Cindy
    $800 13
Us

Andrea
    $800 20
(Cindy: What is life?)
(Matt: What is love?)

time

CindyMatt
Triple Stumper
    $800 2
The Dixie Chicks

Cindy
    $800 4
Laos

Cindy
    $800 22
Attila

Andrea
    $800 29
base

Cindy
    $1200 14
National Geographic

Andrea
    $1200 19
Gitche Gumee

Andrea
    $1200 8
Creedence Clearwater Revival

Cindy
    $1200 5
Lake Lucerne

Cindy
    $1200 23
Constantine

Cindy
    $1200 24
frank

Matt
    $1600 15
(Matt: What is a shutter?)

Aperture

CindyMatt
    $1600 18
the blacksmith

Cindy
    $1600 9
Boston

Cindy
    $3,500 6
the Loire

Cindy
    $5,000 26
the Ottoman Empire

Andrea
    $1600 27
remains

Cindy
    $2000 16
(Bill) Kristol

Matt
    $2000 17
Priscilla

Cindy
    $2000 10
The Lovin' Spoonful

Matt
    $2000 7
Leiden

Andrea
    $2000 25
the Persian Empire

Andrea
    $2000 28
a shank

Triple Stumper

Scores at the end of the Double Jeopardy! Round:

Cindy Matt Andrea
$24,000 $6,200 $18,400

[wagering suggestions for these scores]

Final Jeopardy! Round responses

WOMEN'S FIRSTS
MattWhat is Commerce
$6,200
AndreaWhat is Treasury?
$5,999
CindyWhat is Commerce?
$12,801
Commerce

Final scores:

Cindy Matt Andrea
$36,801 $12,400 $12,401
2-day champion: $54,800 3rd place: $1,000 2nd place: $2,000

Game dynamics:

Coryat scores:

Cindy Matt Andrea
$24,600 $6,200 $15,000
28 R
(including 1 DD),
2 W
(including 1 DD)
10 R,
3 W
18 R
(including 1 DD),
1 W

Combined Coryat: $45,800

[game clues] [game scores] [suggest correction]

Game tape date: 2011-12-20
The J! Archive is created by fans, for fans. Scraping, republication, monetization, and malicious use prohibited; this site may use cookies and collect identifying information. See terms. The Jeopardy! game show and all elements thereof, including but not limited to copyright and trademark thereto, are the property of Jeopardy Productions, Inc. and are protected under law. This website is not affiliated with, sponsored by, or operated by Jeopardy Productions, Inc. Join the discussion at JBoard.tv.